Text Book of Pharmaceutical Engineering (Record no. 13911)
[ view plain ]
| 000 -LEADER | |
|---|---|
| fixed length control field | 00514nam a22002057a 4500 |
| 003 - CONTROL NUMBER IDENTIFIER | |
| control field | OSt |
| 008 - FIXED-LENGTH DATA ELEMENTS--GENERAL INFORMATION | |
| fixed length control field | 260421b |||||||| |||| 00| 0 eng d |
| 020 ## - INTERNATIONAL STANDARD BOOK NUMBER | |
| International Standard Book Number | 9789360872441 |
| 082 ## - DEWEY DECIMAL CLASSIFICATION NUMBER | |
| Classification number | 610.28 GUT |
| 100 ## - MAIN ENTRY--PERSONAL NAME | |
| Personal name | GULIA, Ritu |
| 245 ## - TITLE STATEMENT | |
| Title | Text Book of Pharmaceutical Engineering |
| 260 ## - PUBLICATION, DISTRIBUTION, ETC. (IMPRINT) | |
| Place of publication, distribution, etc | Bilaspur |
| Name of publisher, distributor, etc | Shashwat |
| Date of publication, distribution, etc | 2025 |
| 300 ## - PHYSICAL DESCRIPTION | |
| Extent | x,268 |
| 650 ## - SUBJECT ADDED ENTRY--TOPICAL TERM | |
| Topical term or geographic name as entry element | Pharmaceutical Engineering |
| 700 ## - ADDED ENTRY--PERSONAL NAME | |
| Personal name | Chauhan, Naha |
| 700 ## - ADDED ENTRY--PERSONAL NAME | |
| Personal name | Sandhu & Sharma |
| 700 ## - ADDED ENTRY--PERSONAL NAME | |
| Personal name | Mukesh Rani |
| 942 ## - ADDED ENTRY ELEMENTS (KOHA) | |
| Source of classification or shelving scheme | Dewey Decimal Classification |
| Koha item type | Text Books |
| Withdrawn status | Lost status | Source of classification or shelving scheme | Damaged status | Not for loan | Collection code | Home library | Current library | Date acquired | Source of acquisition | Currency | Cost, normal purchase price | Bill Number | Total Checkouts | Full call number | Acc. no. / Barcode | Date last seen | Actual Cost, discounted price | Bill Date | Koha item type |
|---|---|---|---|---|---|---|---|---|---|---|---|---|---|---|---|---|---|---|---|
| Dewey Decimal Classification | B.Pharma | PIET C-LIBRARY | PIET C-LIBRARY | 11/04/2026 | Zafaa Books Distributres | Indian Rup | 999.00 | ZBD-26-27-0006 | 610.28 GUT | BP2969 | 21/04/2026 | 749.25 | 07/04/2026 | Reference Books | |||||
| Dewey Decimal Classification | B.Pharma | PIET C-LIBRARY | PIET C-LIBRARY | 11/04/2026 | Zafaa Books Distributres | Indian Rup | 999.00 | ZBD-26-27-0006 | 610.28 GUT | BP2970 | 21/04/2026 | 749.25 | 07/04/2026 | Text Books | |||||
| Dewey Decimal Classification | B.Pharma | PIET C-LIBRARY | PIET C-LIBRARY | 11/04/2026 | Zafaa Books Distributres | Indian Rup | 999.00 | ZBD-26-27-0006 | 610.28 GUT | BP2971 | 21/04/2026 | 749.25 | 07/04/2026 | Text Books |